00546 2200217 4500001002100000005001500021035002000036008004100056245007500097100001800172250000600190260003600196300001200232084001400244082000800258650001400266990001200280990001200292990001200304990001200316INLIS00000000000045420240430112515 a0010-0424000430240430 0 ind 1 aEnsiklopedia Bahasa Dan Sastra Indonesia ; Gaya Bahasa /cMaya Gustina aGustina, Maya a1 aKlaten :bIntan Pariwara,c2014 a116 hlm a410 MAY e a410 4aNon Fiksi a0722615 a0722616 a0722617 a0722618